000 00517nam a22001217a 4500
100 _aRoy, C.B.
245 _aMarker assisted selection: An approach for precision plant breeding
260 _bIn: Recent Advances in Molecular Biology and Biotechnology: DBT Skill Vigyan State Partnership Programme Faculty Training 2024. (Comp. C. Bindu Roy). 6-19 March 2024, Rubber Research Institute of India, Kottayam, India, pp. 23-36. Lab Manual
650 _aQTL
650 _aMolecular markers
650 _aRFLP
942 _cAR
999 _c75458
_d75458